LEADER 01374nam--2200409---450- 001 990001880980203316 005 20040728090514.0 010 $a3-540-20099-1 035 $a000188098 035 $aUSA01000188098 035 $a(ALEPH)000188098USA01 035 $a000188098 100 $a20040728d2003----km-y0itay0103----ba 101 0 $aeng 102 $aDE 105 $aa|||||||001yy 200 1 $aMultiscale problems and methods in numerical simulations$electures given at the C.I.M.E. summer school held in Martina Franca, Italy, September 9-15, 2001$fJ.H. Bramble, A. Cohen, W. Dahmen$geditor C. Canuto 210 $aBerlin [etc.]$cSpringer$dcopyr. 2003 215 $aXIII, 161 p.$cill.$d24 cm. 225 2 $aLecture notes in mathematics$v1825 410 0$12001$aLecture notes in mathematics$v1825 454 1$12001 461 1$1001-------$12001 610 0 $aMeccanica statistica 676 $a530.13 700 1$aBRAMBLE,$bJames H.$060323 701 1$aCOHEN,$bAlbert$0120460 701 1$aDAHMEN,$bWolfgang$0466165 702 1$aCANUTO,$bClaudio 801 0$aIT$bsalbc$gISBD 912 $a990001880980203316 951 $a510 LNM 1825$b0030500/CBS$c510$d00114308 959 $aBK 969 $aSCI 979 $aRIVELLI$b90$c20040728$lUSA01$h0905 996 $aMultiscale problems and methods in numerical simulations$9955324 997 $aUNISA LEADER 00919nam2-2200349---450- 001 990002796600203316 005 20060804101300.0 010 $a88-14-04143-1 035 $a000279660 035 $aUSA01000279660 035 $a(ALEPH)000279660USA01 035 $a000279660 100 $a20060804d1962----km-y0itay50------ba 101 $aita 102 $aIT 105 $a||||||||001yy 200 1 $a<<11>> : Cosa-Delib 210 $aMilano$cGiuffrè$d1962 215 $aXVII, 1015 p.$d26 cm 410 0$12001 454 1$12001 461 1$1001000279644$12001$aEnciclopedia del diritto 606 0 $aDiritto$xEnciclopedie e dizionari 676 $a349.4503 801 0$aIT$bsalbc$gISBD 912 $a990002796600203316 951 $aSANT.10 ENC 1 11$b1406 DDPG$cSANT.10 ENC 959 $aBK 969 $aDDPG 979 $aDDPG1$b90$c20060804$lUSA01$h1013 996 $aCosa-Delib$9995900 997 $aUNISA LEADER 03518nam1 22006133i 450 001 LO10349488 005 20251003044209.0 100 $a19950202d1994 ||||0itac50 ba 101 | $aita$cita 102 $ait 181 1$6z01$ai $bxxxe 182 1$6z01$an 183 1$6z01$anc$2RDAcarrier 200 1 $aAtlante per viaggiare in Europa$fTouring club italiano 210 $aMilano$cTouring club italiano 215 $av.$d30 cm. 463 1$1001FER0151859$12001 $aˆ2: ‰Islanda, Norvegia, Svezia, Finlandia, Estonia, Lettonia, Lituania, Gran Bretagna, Irlanda, Danimarca, Belgio, Lussemburgo, Paesi Bassi, Germania, Polonia, Svizzera, Austria, Liechtenstein, Rep. Ceca, Slovacchia, Ungheria, Romania, Moldavia $fTouring club italiano$v2 463 1$1001LO10351544$12001 $aˆ1: ‰Francia, Principato di Monaco, Portogallo, Spagna, Andorra, Italia, Città del Vaticano, San Marino, Slovenia, Croazia, Bosnia Erzegovina, Iugoslavia, Macedonia, Albania, Grecia, Bulgaria, Turchia occidentale, Malta$fTouring club italiano$v1 500 10$aAtlante per viaggiare in Europa$3UBO4818813$9CFIV002046$9675429 606 $aEuropa$xGuide$2FIR$3CFIC037151$9E 606 $aEUROPA$xATLANTI STRADALI$2FIR$3MILC062738$9I 676 $a912.4$9RAPPRESENTAZIONI GRAFICHE DELLA SUPERFICIE TERRESTRE. EUROPA$v19 676 $a912.4$9RAPPRESENTAZIONI GRAFICHE DELL'EUROPA$v20 676 $a912.4$9RAPPRESENTAZIONI GRAFICHE DELLA SUPERFICIE TERRESTRE E DEI MONDI EXTRATERRESTRI$v21 676 $a912.4$9RAPPRESENTAZIONI GRAFICHE DELLA SUPERFICIE TERRESTRE. Europa$v23 696 $aGuide turistiche$aGuide di viaggio 699 $aGuide$zGuide turistiche 699 $aGuide$yGuide di viaggio 710 02$aTouring club italiano$3CFIV002046$4070$05623 791 02$aTCI$3CFIV148662$zTouring club italiano 791 02$aTouring club of Italy$3CFIV178973$zTouring club italiano 791 02$aItalienischer Touring Club$3CFIV277665$zTouring club italiano 791 02$aTouring club editore$3CFIV323587$zTouring club italiano 791 02$aTouring club ciclistico italiano$3NAPV111118$zTouring club italiano 791 02$aConsociazione turistica italiana$3RAVV054909$yTouring club italiano 801 3$aIT$bIT-000000$c19950202 850 $aIT-BN0095 $aIT-NA0243 $aIT-SA0002 $aIT-AV0001 $aIT-AV0003 $aIT-CE0060 $aIT-NA0070 $aIT-AV0004 $aIT-NA0580 $aIT-NA0312 901 $bNAP BU$c7 C $nPropedeutica. Formato cm. 28,1-38. 901 $bNAP SC$c50 $n$ 901 $bNAP SC$c35 $n$ 901 $bNAP AL$cVILLANI $n$ 901 $bNAP DV$cS. MODERNA$n$ 901 $bNAP AE$cCOLL. $n$ 901 $bNAP 01$cPOZZO LIB.$nVi sono collocati fondi di economia, periodici di ingegneria e scienze, periodici di economia e statistica e altri fondi comprendenti documenti di economia pervenuti in dono. 901 $bNAP 67$cSALA F $nComprende monografie di vario argomento 901 $bNAP AR$cP. CICCONE$nDONAZIONE 901 $bNAP PS$cCAGGIANO $n$ 912 $aLO10349488 950 1$aBiblioteca Centralizzata di Ateneo$bv. 1$cv. 1$d 01POZZO LIB.F. FRAGOLA 172 950 1$aCentro Librario e Bibliotecario per la Diffusione della cultura$c2 v. (v. 1-2)$d 67SALA F GEO 67 967 $m2 977 $a 01$a 67$a AE$a AL$a AR$a AS$a BU$a DV$a PS$a SC 996 $aAtlante per viaggiare in Europa$9675429 997 $aUNISANNIO